Управлінський облік (Запис № 361331)

МАРК-запис
000 -Лідер
fixed length control field 02231nam a22003017a 4500
003 - Ідентифікатор контрольного номера
control field UA-OsUOA
001 - Контрольний номер
control field 75031
007 - Фіксоване поле фізичного опису
fixed length control field ta
008 - Елементи даних фіксованої довжини – загальна інформація
fixed length control field 20110427b un ||||| |||| 00| 0 ukr d
090 ## - Локальний шифр розміщення
Класифікаційний індекс УДК 657.15(075.8)
Авторський знак (НП) П18
040 ## - Джерело каталогізації
Агенція оригінальної каталогізації UA-OsUOA
Мова каталогізації ukr
Агенція, яка здійснювала перезапис UA-OsUOA
Агенція, яка здійснювала модифікацію UA-OsUOA
041 ## - Код мови
Код мови тексту/ звукової доріжки чи окремого заголовка (П) ukr
080 ## - Індекс Універсальної десяткової класифікації
Індекс Універсальної десяткової класифікації (УДК) (НП) 657.15(075.8)
020 ## - Міжнародний стандартний книжковий номер (ISBN)
Міжнародний стандартний книжковий номер (ISBN) (НП) 966-346-120-9
100 ## - Основне введення – ім’я особи
Ім’я особи (НП) Партин Г.О.
245 ## - Відомості про назву
Назва (НП) Управлінський облік
Решта назви (НП) навч. пос.
260 ## - Публікація, розповсюдження і т.п. (Вихідні дані)
Місце публікації, розповсюдження і т.п. (П) К.
Ім’я/ наймення видавництва, розповсюджувача і т.п. (П) Знання
Дата публікації, розповсюдження і т.п. (П) 2007
250 ## - Відомості про видання (редакцію)
-- 2-ге вид., випр. і доп.
300 ## - Фізичний опис
Обсяг 303 с.
520 3# - Резюме і т.п.
Резюме, реферат, анотація, тощо (НП) Навчально-методичний посібник написано відповідно до типової програми нормативної навчальної дисципліни "Управлінський облік", яка включена до навчального плану підготовки бакалаврів. Охоплює всі види навчальних занять для всіх форм підготовки фахівці
520 3# - Резюме і т.п.
Резюме, реферат, анотація, тощо (НП) Навчально-методичний посібник написано відповідно до типової програми нормативної навчальної дисципліни "Управлінський облік", яка включена до навчального плану підготовки бакалаврів. Охоплює всі види навчальних занять для всіх форм підготовки фахівці
520 3# - Резюме і т.п.
Резюме, реферат, анотація, тощо (НП) Навчально-методичний посібник написано відповідно до типової програми нормативної навчальної дисципліни "Управлінський облік", яка включена до навчального плану підготовки бакалаврів. Охоплює всі види навчальних занять для всіх форм підготовки фахівці
650 #7 - Додаткове предметне введення – тематичний термін
Тематичний термін чи географічна назва, як елемент введення (НП) 657 Бухгалтерія. Бухгалтерський облік. Рахівництво
Джерело заголовка чи терміна UDC
700 ## - Додаткове введення – ім'я особи
Ім’я особи (НП) Загородній А.Г.
942 ## - Додаткові елементи входу (Коха)
Тип елемента Koha Книги
955 ## - Код типу видання за змістом
Код типу видання за змістом (НП) Навчальні видання
Фонди
Стан вилучень Стан втрат Джерело класифікації або схеми стелажів Стан уражень Не для кредиту Постійне місце розташування Поточне розміщення Дата придбання Джерело придбання Вартість, звичайна ціна покупки Інвентарний номер Усього замовленно Повний номер виклику Штрих-код Дата останнього перегляду Ціна ефективна від Тип елемента Koha
    Universal Decimal Classification     ЧЗ - Читальна зала ЧЗ - Читальна зала 27/04/2011 56/2011 72.00 132244   657.15(075.8) П18 132244 08/02/2022 27/04/2011 Книги